| 000 | 01080nam a22002774a 4500 | ||
|---|---|---|---|
| 001 | ebr10255577 | ||
| 003 | CaPaEBR | ||
| 006 | m u | ||
| 007 | cr cn||||||||| | ||
| 008 | 011015s2002 njua sb 001 0 eng | ||
| 020 | _z9810246285 (alk. paper) | ||
| 040 |
_aCaPaEBR _cCaPaEBR |
||
| 035 | _a(OCoLC)269362368 | ||
| 050 | 1 | 4 |
_aQA188 _b.H373 2002eb |
| 082 | 0 | 4 |
_a512.9/434 _221 |
| 100 | 1 | _aHartfiel, D. J. | |
| 245 | 1 | 0 |
_aNonhomogeneous matrix products _h[electronic resource] / _cDarald J. Hartfiel. |
| 260 |
_aRiver Edge, N.J. : _bWorld Scientific, _cc2002. |
||
| 300 |
_aix, 224 p. : _bill. |
||
| 504 | _aIncludes bibliographical references (p. [217]-222) and index. | ||
| 533 |
_aElectronic reproduction. _bPalo Alto, Calif. : _cebrary, _d2013. _nAvailable via World Wide Web. _nAccess may be limited to ebrary affiliated libraries. |
||
| 650 | 0 | _aMatrices. | |
| 655 | 7 |
_aElectronic books. _2local |
|
| 710 | 2 | _aebrary, Inc. | |
| 856 | 4 | 0 |
_uhttp://site.ebrary.com/lib/rucke/Doc?id=10255577 _zAn electronic book accessible through the World Wide Web; click to view |
| 999 |
_c33112 _d33112 |
||